000 01502cam a2200421 4500
001 19951
003 SK-KTurca
005 20251217163121.0
008 240717s2024 xo e 010 f slo
015 _aSNBA2024/07
020 _a9788080907440
_q(viazané)
020 _a9788080907471
_q(ePub)
040 _aSNK
_bslo
_cSNK
_erda
041 1 _aslo
_heng
044 _axo
_cSK
072 7 _a821.111(73)-3
_xAmerická próza
_2konspekt
080 _a821.111(73)-31
_22011
080 _a(0:82-993)
_22011
100 1 _aO'roark, Elizabeth
_4aut
240 1 4 _aThe devil and the deep blue see
_lSlovensky
245 1 0 _aHriešne pokušenie
_cElizabeth O'roark ; z anglického originálu The devil and the deep blue see ... preložila do slovenčiny Monika Tužinská
246 1 _iObálkový podnázov:
_aNaozaj ho neznáša, alebo si len nechce priznať, že ho chce?
250 _aVydanie 1.
264 1 _aBratislava
_bGrada Slovakia s.r.o. - Metafora
_c2024
300 _a280 strán
_c22 cm
336 _atext
_btxt
_2rdacontent
337 _abez média
_bn
_2rdamedia
338 _azväzok
_bnc
_2rdacarrier
500 _aObsahuje stručné biografické údaje o autorke
655 7 _aamerické romány
_2SNKPH
655 7 _aerotické romány
_2SNKPH
655 7 _aAmerican novels
_2SNKPHeng
655 7 _aErotic novels
_2SNKPHeng
700 1 _aTužinská, Monika
_4trl
787 0 8 _iZo série:
_tHry s diablom
_g2. diel
942 _2ddc
_cKLDO
_n0
999 _c19951
_d19951